Normal view
MARC view
- Philipp, P F
Entry Personal Name
001 - CONTROL NUMBER
- control field: 5886
003 - CONTROL NUMBER IDENTIFIER
- control field: OSt
005 - DATE AND TIME OF LATEST TRANSACTION
- control field: 20240213145926.0
008 - FIXED-LENGTH DATA ELEMENTS
- fixed length control field: 240213|| aca||aabn | a|a d
040 ## - CATALOGING SOURCE
- Original cataloging agency: OSt
- Transcribing agency: OSt
100 ## - HEADING--PERSONAL NAME
- Personal name: Philipp, P F
670 ## - SOURCE DATA FOUND
- Source citation: Work cat.: (OSt)12: Shaner, W W . 5880, Farming system research and development / , 1982.
